Catalog

Record Details

Catalog Search



Confucius : the golden rule  Cover Image Book Book

Confucius : the golden rule / by Russell Freedman ; illustrated by Frédéric Clément.

Freedman, Russell. (Author). Clément, Frédéric, (illustrator.).

Summary:

Tells the life history of philosopher Confucius who lived 2,500 years ago. His words of wisdom are still alive and influential today. Born in China in 551 B.C., Confucius rose from poverty to the heights of his country's ruling class. But then he quit his high post for the life of an itinerant philosopher. "The Analects" collects his teachings on education and government, the definition of nobility, the equality of man, and the right way and purpose of living - ideas that eventually spread to the West and influenced the great thinkers of the Enlightenment. And five centuries before Christ, Confucius set forth his own Golden Rule: "Do not impose on others what you do not wish for yourself."

Record details

  • ISBN: 0439139570
  • ISBN: 9780439139571
  • ISBN: 0439139589 (pbk.)
  • ISBN: 9780439139588 (pbk.)
  • Physical Description: 48 pages : color illustrations ; 26 cm.
  • Edition: 1st edition
  • Publisher: New York : Arthur A. Levine Books, 2002.
Subject: Confucius > Juvenile literature.
Philosophers.

LDR 01923cam a22003494a 4500
001126591
003CONS
00520140703073303.0
008010309s2002 nyua c 000 0 eng
010 . ‡a 2001029372
020 . ‡a0439139570
020 . ‡a9780439139571
020 . ‡a0439139589 (pbk.)
020 . ‡a9780439139588 (pbk.)
035 . ‡a(CPomAG)LMN494202
042 . ‡apcc ‡alcac
05000. ‡aB128.C8 ‡bF73 2002
08200. ‡a181/.112 ‡222
08214. ‡aB ‡221
1001 . ‡aFreedman, Russell.
24510. ‡aConfucius : ‡bthe golden rule / ‡cby Russell Freedman ; illustrated by Frédéric Clément.
250 . ‡a1st edition
260 . ‡aNew York : ‡bArthur A. Levine Books, ‡c2002.
300 . ‡a48 pages : ‡bcolor illustrations ; ‡c26 cm.
520 . ‡aTells the life history of philosopher Confucius who lived 2,500 years ago. His words of wisdom are still alive and influential today. Born in China in 551 B.C., Confucius rose from poverty to the heights of his country's ruling class. But then he quit his high post for the life of an itinerant philosopher. "The Analects" collects his teachings on education and government, the definition of nobility, the equality of man, and the right way and purpose of living - ideas that eventually spread to the West and influenced the great thinkers of the Enlightenment. And five centuries before Christ, Confucius set forth his own Golden Rule: "Do not impose on others what you do not wish for yourself."
60000. ‡aConfucius ‡vJuvenile literature.
650 1. ‡aPhilosophers.
7001 . ‡aClément, Frédéric, ‡eillustrator.
85642. ‡3Publisher description ‡uhttp://catdir.loc.gov/catdir/description/schol051/2001029372.html ‡zPublisher description
914 . ‡dLMN_cm
959 . ‡i32269000668908 ‡lJ181.112 Fre ‡aJuvenile - NonFiction ‡tJuv Nonfiction ‡g17.50
852 . ‡p32269000668908 ‡jJ181.112 Fre ‡gJuvenile - NonFiction ‡cJuv Nonfiction ‡y17.50 ‡bSBPL
901 . ‡a126591 ‡bUnknown ‡c126591 ‡tbiblio

Additional Resources